000 00550cam a2200181 a 4500
001 3085981
005 20250122105344.0
008 980723s1997 gh b f001 0 eng
020 _a9964302193
050 0 0 _aHM22.A46
_bA77 1997
082 0 0 _a301/.096
_221
100 1 _aAssimeng, J. M.
245 1 0 _aFoundations of African social thought :
_ba contribution to the sociology of knowledge /
_cMax Assimeng.
260 _aAccra :
_bGhana Universities Press,
_c1997.
300 _a148 p. ;
_c22 cm.
650 0 _aSociology
_zAfrica.
942 _2lcc
_cBK
_n0
999 _c2767
_d2767